| 000 | 00619nam a2200229 a 4500 | ||
|---|---|---|---|
| 003 | OSt | ||
| 005 | 20140310183123.0 | ||
| 008 | 100727s19uu xx 00 eng d | ||
| 050 |
_aHD 31 _b.Ig24 2004 |
||
| 082 |
_aFIL 658 _bIg5 2004 |
||
| 100 | _aIgnacio, Monico H. | ||
| 245 | _aAn introduction to business & management. | ||
| 250 | _a3rd. | ||
| 260 |
_aManila, Philippines : _bSinag-tala Publishers, Inc, _c2004. |
||
| 300 | _a365 | ||
| 541 | _j1 | ||
| 562 | _e1 | ||
| 650 | _aBusiness | ||
| 650 | _aManagement | ||
| 942 |
_2lcc _cBK _kFIL |
||
| 999 |
_c18961 _d18961 |
||